| 000 | 00698nam a2200241Ia 4500 | ||
|---|---|---|---|
| 003 | OSt | ||
| 005 | 20221005093240.0 | ||
| 006 | a|||||r|||| 00| 0 | ||
| 007 | ta | ||
| 008 | 221004b |||||||| |||| 00| 0 eng d | ||
| 024 | _a18074 | ||
| 037 |
_bGift, 27/05/2015, _cTextual |
||
| 040 |
_aCRL _cCRL _beng |
||
| 041 |
_2eng _aeng |
||
| 082 | _aO111,3M82,UL:g, J2 | ||
| 100 | _aJoyce James | ||
| 245 | 0 |
_aJames Joyce's ulysses _b A study by Stuart Gilbert |
|
| 260 |
_aNew York _bVintage Books USA _c1952 |
||
| 300 |
_a405p. _ccm. |
||
| 650 | _aENGLISH LITERATURE | ||
| 942 |
_hO111,3M82,UL:g, J2 _cTEXL _2cc |
||
| 999 |
_c1000066 _d1000066 |
||